Body works 6.0 [cd-rom] /

Guardado en:
Formato: Libro
Publicado: Boston : Mythus Software, 19971
Etiquetas: Agregar Etiqueta
Sin Etiquetas, Sea el primero en etiquetar este registro!
LEADER 00340nam a22001215a 4500
001 CEM.cems010737
005 20060214000000.0
008 130507b######################000#0#####d
003 CEMS
082 0 4 |a CD611 
245 0 0 |a Body works 6.0 [cd-rom] / 
260 |a Boston :  |b Mythus Software,  |c 19971 
859 |a CEMS  |b BIB. CEMS - 11 de abril  |h CD611  |i L479  |p 1806.44  |t Ej.1